Suomen myydyimmät hedelmät - Statistics

Yleistilastot
  • Tätä visaa on pelattu 486 kertaa
  • Keskiarvotulos 8 / 12
Vastaustilastot
Hint Vastaus % Oikein
1 Banaani
100%
3 Omena
99%
4 Appelsiini
96%
11 Mandariini
94%
8 Päärynä
88%
9 Satsuma
58%
12 Sitruuna
56%
6 Klementiini
54%
10 Avokado
39%
5 Meloni
38%
7 Nektariini
34%
2 Rypäleet
15%
Ehtoja vastaavia visoja ei löytynyt
Tulosjakauma
Jokaisen tuloksen saaneiden osuus
Persentiili vastausten määrän mukaan
Tuloshistoriasi
Et ole pelannut tätä visaa